| 000 | 00504cam a2200205ua 4500 | ||
|---|---|---|---|
| 001 | 9208 | ||
| 005 | 20260515114436.0 | ||
| 008 | 150224n ii |||gr||||Z||||||asm | ||
| 040 | _cMAIN | ||
| 041 | _aasm | ||
| 082 | _a891.4511 | ||
| 100 |
_aBibhawari, P., _eAuthor. |
||
| 245 | 1 |
_aDukh mor priya writu _cBy Priya Bibhawari |
|
| 250 | _a1st. | ||
| 260 |
_aGuwahati: _bBhabani, _c2010. |
||
| 300 | _a80p. | ||
| 653 | _aEast Indo-European & Celtic literatures | ||
| 653 | _aAssamese poems | ||
| 942 | _cBK | ||
| 999 |
_c8270 _d8270 |
||